000 00322nam a22001457a 4500
008 210609b ||||| |||| 00| 0 eng d
020 _a9780321836960
041 _aeng
080 _212th
_a311
082 _a311
100 _a55
101 _aSTA
245 _aElementary Statistics
_cMario F. Triola
942 _2udc
_cBK
999 _c58106
_d58106